5 Letter Words #4 - Statistics

General Stats
  • This quiz has been taken 64 times
    50 since last reset
  • The average score is 5 of 11
Answer Stats
Hint Answer % Correct
a prize was named after him Nobel
88%
alt version of a violin viola
81%
Owns Amazon Bezos
69%
line in which you stand queue
67%
hero of a Shakespear play Roméo
67%
Country to Yaren Nauru
36%
zero with a belt eight
24%
Executed between the felons Jesus
14%
430–750 THz waves light
14%
DIY music Indie
7%
ray in latin manta
2%
No matching quizzes found
Score Distribution
Percent of People with Each Score
Percentile by Number Answered
Your Score History
You have not taken this quiz since the last reset